00917nam a22002417a 450000500170000001000130001702000240003003500130005403700160006704000120008308200150009510000250011024501160013526000380025127000390028930000270032850000500035565000460040565000530045194200240050499900190052895201280054720170124105955.0 aB-222316 c1100.00a8185032025 aB-222316 bCen Lib/Ret aDPLbEN a230.1bGOS aGoswami, Asha914516 aIn the foot-steps of krsna researchers in krsna lore :bbased on the mahabharata and puranas /cby Asha Goswami aNew DelhibY.R.Publicationsc2005 bNew Delhia7694, G.T. Roade110007 axxii,460p. :c22cm(Hb) aIncludes bibliographical references and index aThe path of Karma and Krsna's gift914517 aThe Indian tradition and Krisna's Dvaraka914518 2ddccENh230.1mGOS c125485d125485 00104070aLbLd2015-06-22eCen Lib/Retg1100.00l0o230.1 GOSpB-222316r2015-06-22 00:00:00t1v1100.00w2015-06-22yEN